Návrat k prosperitě Turnaround

Guardado en:
Detalles Bibliográficos
Autor principal: Jirásek, Jaroslav
Formato: Libro
Lenguaje:checo
Publicado: Praha Grada 1995
Edición:1. vyd.
Materias:
Etiquetas: Agregar Etiqueta
Sin Etiquetas, Sea el primero en etiquetar este registro!

MARC

LEADER 00000nam a2200000 4500
001 c009994
005 20221205133321.3
020 |a 80-7169-114-3 
041 0 |a cze 
044 |a CZ 
245 1 0 |a Návrat k prosperitě  |b Turnaround  |c Jaroslav Jirásek 
250 |a 1. vyd. 
264 1 |a Praha  |b Grada  |c 1995 
300 |a 114 s. 
610 2 0 |a hospodárenie finančné 
610 2 0 |a hospodárenie podnikové 
610 2 0 |a zisk 
610 2 0 |a strata 
610 2 0 |a stratégia podniková 
610 2 0 |a vývoj podniku 
610 2 0 |a turnaround 
100 1 |a Jirásek, Jaroslav